Online Catalogue and eLibrary

Teen-agers are forced for flesh trade (Record no. 2910)

MARC details
000 -LEADER
fixed length control field 00405nam a2200169Ia 4500
005 - DATE AND TIME OF LATEST TRANSACTION
control field 20240604054727.0
008 - FIXED-LENGTH DATA ELEMENTS--GENERAL INFORMATION
fixed length control field 240331s9999 xx 000 0 und d
082 ## - DDC Classification
Item Number - Author Mark MAU
Class No. 362
245 #0 - TITLE STATEMENT
Title Teen-agers are forced for flesh trade
250 ## - EDITION STATEMENT
Edition statement 1 st
260 ## - PUBLICATION, DISTRIBUTION, ETC.
Place of publication, distribution, etc. Dhaka
Name of publisher, distributor, etc. Bangaladesh Mahila Parishad
Date of publication, distribution, etc. 1992
300 ## - PHYSICAL DESCRIPTION
Extent (e.g. Volumes, Pages etc.) 88 p.,
650 ## - SUBJECT ADDED ENTRY--TOPICAL TERM
Topical term or geographic name entry element Women
650 ## - SUBJECT ADDED ENTRY--TOPICAL TERM
Topical term or geographic name entry element Trade
700 ## - ADDED ENTRY--PERSONAL NAME
Personal name Maudud, B.
942 ## - Koha item type (Biblio)
Koha item type Books in Stacks (Lending)
Holdings
Lost status Damaged status Collection code Home library Current library Shelving location Date acquired Full call number Accession Number Item type
    Lending WERC Library WERC Library Social Science Cupboard 03/31/2024 362.76 MAU 4800 Books in Stacks (Lending)

© WERC Library